书目信息 |
| 题名: |
标准物质手册
|
|
| 作者: | 韩永志 主编 | |
| 分册: | ||
| 出版信息: | 北京 中国计量出版社 |
|
| 页数: | 772页 | |
| 开本: | 16开 | |
| 丛书名: | ||
| 单 册: | ||
| 中图分类: | TQ421.3-62 | |
| 科图分类: | ||
| 主题词: | 化学试剂 | |
| 电子资源: | ||
| ISBN: | ||
| 000 | 00545nam0 2200193 45 | |
| 001 | 0009131791 | |
| 005 | 20000913171102.3 | |
| 010 | @d75.00元@z7-5026-1053-5 | |
| 100 | @a20000913d km y0chiy0120 ea | |
| 101 | 0 | @achi |
| 105 | @a z 000yy | |
| 200 | 1 | @a标准物质手册@ABiao Zhun Wu Zhi Shou Ce@f韩永志主编@FHan Yong Zhi Zhu Bian |
| 210 | @a北京@c中国计量出版社 | |
| 215 | @a772页@d16开 | |
| 606 | 0 | @a化学试剂 |
| 690 | @aTQ421.3-62@v3 | |
| 701 | 0 | @a韩永志@4主编 |
| 801 | @aCN@bPftUser@c20000913 | |
| 905 | @b140111-115@dTQ421.3-62@eH981@f5 | |
| 标准物质手册/韩永志主编.-北京:中国计量出版社 |
| 772页;16开 |
| ISBN :75.00元 |
| ● |
| 相关链接 |
|
|
|
正题名:标准物质手册
索取号:TQ421.3-62/H981
 
预约/预借
| 序号 | 登录号 | 条形码 | 馆藏地/架位号 | 状态 | 备注 |
| 1 | 140111 | 201401116 | 自科二线504/504自科库 44排5列1层/ [索取号:TQ421.3-62/H981] | 在馆 | |
| 2 | 140112 | 201401125 | 自科库501/501自科库 39排3列4层/ [索取号:TQ421.3-62/H981] | 在馆 | |
| 3 | 140113 | 201401134 | 自科二线504/504自科库 44排3列6层/ [索取号:TQ421.3-62/H981] | 在馆 | |
| 4 | 140114 | 201401143 | 自科二线504/504自科库 44排5列1层/ [索取号:TQ421.3-62/H981] | 在馆 | |
| 5 | 140115 | 201401152 | 自科库501/501自科库 39排3列4层/ [索取号:TQ421.3-62/H981] | 在馆 |